Statistiche per 20 province italiane casuali su una mappa

Clicka qui per fare il quiz!

Statistiche generali

  • Questo quiz è stato fatto 14.533 volte
  • Il punteggio medio è 14 su 20

Risposte nella Mappa

Le risposte nella mappa del quiz sottostante sono codificate secondo una scala di colori dal rosso al verde in base alla % di persone che hanno risposto correttamente.
 

Statistiche sulle risposte

Province% Corretto
Roma
96%
Cagliari
94%
Venezia
94%
Aosta
93%
Bari
93%
Bolzano
92%
Genova
92%
Palermo
91%
Torino
91%
Napoli
90%
Reggio Calabria
89%
Messina
88%
Trieste
87%
Trento
86%
Udine
86%
Catania
85%
Lecce
85%
Sassari
84%
Bologna
83%
La Spezia
83%
Catanzaro
82%
Perugia
82%
Pisa
82%
Livorno
81%
Imperia
80%
Latina
80%
Matera
80%
Potenza
80%
Salerno
80%
Firenze
79%
Siracusa
79%
Ancona
78%
Brescia
78%
Taranto
78%
Agrigento
77%
Foggia
77%
Milano
77%
Enna
76%
Alessandria
75%
Bergamo
75%
Brindisi
75%
Savona
75%
Trapani
75%
Caserta
74%
Cuneo
74%
Campobasso
73%
Gorizia
73%
Verona
73%
Avellino
72%
Cosenza
72%
Grosseto
72%
Reggio Emilia
72%
Sondrio
72%
Modena
71%
Nuoro
71%
Parma
71%
Barletta-Andria-Trani
70%
Como
70%
L'Aquila
70%
Rimini
70%
Vicenza
70%
Asti
69%
Crotone
69%
Ferrara
69%
Monza e Brianza
69%
Pordenone
69%
Sud Sardegna
69%
Pesaro e Urbino
68%
Pescara
68%
Ragusa
68%
Ravenna
68%
Belluno
67%
Frosinone
67%
Padova
67%
Vibo Valentia
67%
Oristano
66%
Benevento
65%
Lecco
65%
Caltanissetta
64%
Massa-Carrara
64%
Prato
64%
Viterbo
64%
Cremona
63%
Mantova
63%
Piacenza
63%
Isernia
62%
Terni
62%
Treviso
62%
Siena
61%
Varese
61%
Biella
60%
Vercelli
60%
Verbano-Cusio-Ossola
59%
Lucca
58%
Rovigo
58%
Arezzo
57%
Chieti
57%
Forlì-Cesena
57%
Macerata
57%
Novara
57%
Pavia
56%
Pistoia
56%
Lodi
55%
Rieti
55%
Ascoli Piceno
54%
Teramo
50%
Fermo
47%

Distribuzione punteggi

Percentile per numero di risposta

Percentuale di utenti per punteggio

I tuoi punteggi nel tempo

Non hai fatto questo quiz